| 000 | 00592nam a2200193u 4500 | ||
|---|---|---|---|
| 001 | 7602542 | ||
| 003 | ARRUPE | ||
| 005 | 20211007143748.0 | ||
| 008 | 841019t19701954ke a 000 0afre | ||
| 010 | _a 74200279 | ||
| 040 |
_aDLC _cCarP _dDLC |
||
| 050 | 0 | 0 |
_aPL8201.9.K34 _bZ7 1970 |
| 100 | 1 |
_aKawere, Edward K. N. [from old catalog] _950350 |
|
| 245 | 1 | 0 | _aZinunula omunaku, kya wandiikibwa Edward K. N. Kawere. |
| 260 |
_a[Nairobi] _bNelson _c[1970, c1954] |
||
| 300 |
_avii, 136 p. _billus. _c21 cm. |
||
| 906 |
_a0 _bcbc _cpremunv _du _encip _f19 _gy-gencatlg |
||
| 942 |
_2lcc _cMONOGRAPH |
||
| 999 |
_c130719 _d130719 |
||